Demográfiai évkönyv 1992 Magyarország népesedése

Salvato in:
Dettagli Bibliografici
Natura: Libro
Lingua:ungherese
inglese
Pubblicazione: Budapest Központi statisztikai hivatal 1993
Edizione:1. kiadás.
Soggetti:
Tags: Aggiungi Tag
Nessun Tag, puoi essere il primo ad aggiungerne!!

MARC

LEADER 00000nam a2200000 4500
001 c004258
005 20250116131805.3
041 0 |a hun 
041 0 |a eng 
044 |a HU 
245 1 0 |a Demográfiai évkönyv 1992  |b Magyarország népesedése 
250 |a 1. kiadás. 
264 1 |a Budapest  |b Központi statisztikai hivatal  |c 1993 
300 |a 508 s. 
610 2 0 |a demografia 
610 2 0 |a Maďarsko 
610 2 0 |a obyvateľstvo 
610 2 0 |a deti 
610 2 0 |a pôrodnosť 
610 2 0 |a úmrtnosť 
610 2 0 |a migrácia 
610 2 0 |a vek 
610 2 0 |a pohyb obyvateľstva 
610 2 0 |a cudzinci 
610 2 0 |a 1980-1992